000 00865nam a2200289Ia 4500
001 Para_353
003 CHAP
008 220125s1987 xx 000 0 und d
010 _a199108
040 _cCHAP
090 _aPA FOLLETO 3286
100 _aGooby Avila, Claudio
_9164443
245 _aAplicación de riego por goteo en vid y nogal /
_c por Claudio Godoy Avila
260 _aMatamoros, Coah. :
_b INIFAP. Campo Agrícola Experimental de la Laguna
300 _a17 p.
410 _aFolleto técnico; 3
650 _aRiego por goteo
_997380
650 _aVid
_9119097
710 _aINIFAP. México. Campo Agrícola Experimental de la Laguna
_9164444
901 _aPA FOLLETO 3286
902 _aA
905 _a0000001987 0000000000 00
910 _a1987
942 _cPARA
942 _cPARA
_d1
999 _c199108
_d199108